| 000 | 00954nas a2200313 4500 | ||
|---|---|---|---|
| 001 | BR0902140 | ||
| 003 | BR-BrBNA | ||
| 005 | 20231205112643.0 | ||
| 007 | ta | ||
| 008 | 230509b bl.|||p| |||| 00| 00por d | ||
| 040 |
_aBR-BrBNA _bpor _cBiblioteca Nacional de Agricultura |
||
| 041 | _a(Pt) | ||
| 072 | _aJ11 | ||
| 100 | 1 | _aOliveira, T.A.S. | |
| 100 | 1 | _aOliveira, S.M.A. | |
| 100 | 1 | _aMichereff, S.J. | |
| 100 | 1 | _aCamara, M.P.S. | |
| 100 | 1 | _aCosta, V.S.O. | |
| 100 | 1 | _aLins, S.R.O. | |
| 245 | 1 | _aEfeito do estadio de maturação, tipo de inoculo e local de inoculação na severidade da podridão peduncular em manga | |
| 650 | _aMANGA | ||
| 650 | _aPOS-COLHEITA | ||
| 650 | _aMATURAÇÃO | ||
| 650 | _aFUNGO | ||
| 650 | _aPODRIDÃO PEDUNCULAR | ||
| 773 | 0 |
_tTropical Plant Pathology (Brazil) _xISSN 1982-5676 _g(Nov-Dec 2008), v. 33(6) p. 409-414 _wBR0902140 |
|
| 909 |
_a202311 _bLúcia _c55 _dLúcia Elande |
||
| 942 |
_2AGRIS _n0 _cANA |
||
| 999 |
_c199198 _d199198 |
||